000 00422nmm a2200157Ia 4500
008 251105s9999||||xx |||||||||||||||||und||
020 _a9788415216124
041 _aspa
100 _aLechuga, Edson
245 0 _aLlovizna
264 _a[Madrid, España] :
_bMontesinos,
_c2011
300 _a182 páginas
650 _aLatin American narrative
856 _uhttps://public.digitaliapublishing.com/a/60109
942 _cCF
999 _c76519
_d76519